LEADER 01536nam a2200361 u 4500 001 000000013692 003 CaOOAMICUS 005 20070226105659.0 008 940517s1989 it u000 u ita u 020 $a881640244X 035 $a10325679 040 $aPUL(R)$bita$dPUL 041 1 $aita$hfre 100 1 $aRicoeur, Paul,$d1913-2005.$0(OLS)http://pul/name/31003 240 10$aDu texte ā l'action.$lItaliano.$0(OLS)http://pul/title/19735 245 10$aDal testo all'azione :$bsaggi di ermeneutica /$cPaul Ricoeur. 260 $aMilano :$bJaca Book,$c1989. 300 $a394 p. ;$c23 cm 490 1 $aDi fronte e attraverso.$aFilosofia ;$v244 500 $aSul verso del front.: Trad. di Giuseppe Grampa. 504 $a"Fonti dei testi": p. 393-394. 650 4$aSemiotica.$0(OLS)http://pul/subject/9849 650 4$aErmeneutica.$0(OLS)http://pul/subject/438 830 0$aDi fronte e attraverso.$pFilosofia ;$v244.$0(OLS)http://pul/title/8614 850 $aPUL 852 $aPUL$W1$xDP1 Fondo Bordoni$y120$m3 A 53$j115700$qFondi$B172585$CPULBib$Z2$F172585 $HBor127 $81 852 $aPUL$W1$xSL Filosofia 2$y80$mPhil A25 244$j19266$nBK-PRI$b $qStampati altre collocazioni$B19266$CPULBib$Z2$F19266 $81 941 1 $a1 941 1 $a10 961 $aINV: 82089 996 $6020$a881640244X$9(OLS)http://pul/number/17472 996 $6245$aDal testo all'azione :$bsaggi di ermeneutica$9(OLS)http://pul/title/19736 996 $6260$aMilano :$bJaca Book$9(OLS)http://pul/publisher/47900 LEADER 01220nam a2200253 u 4500 001 000000038799 003 CaOOAMICUS 005 20070226113922.0 008 980428s1882 gw u000 u ger u 035 $a10792678 040 $aPUL(R)$bita 041 0 $ager$alat 130 0 $aLiber iuris florentinus.$0(OLS)http://pul/title/52605 245 14$aDas florentiner Rechtsbuch :$nein system römischen Privatrechts aus der Glossatorenzeit /$caus einer florentiner Handschrift zum ersten Mal herausgegeben und eingeleitet von Dr. Max Conrat .. 260 $aBerlin :$bWeidmannsche Buchhandlung,$c1882. 300 $aliv, iv, 118 p. ;$c21 cm 504 $aBibliografia in nota. 650 4$aDiritto romano$xStoria.$0(OLS)http://pul/subject/1406 700 1 $aCohn, Max Conrat,$d1848-1911.$0(OLS)http://pul/name/10609 850 $aPUL 852 $aPUL$W1$xDP1 Antico 800$y27$m188 A 1$j52823$nBK-PRI$b $qStampati Antico$B52823$CPULBib$Z2$F52823 $H $81 941 1 $a15 996 $6245$aDas florentiner Rechtsbuch :$nein system römischen Privatrechts aus der Glossatorenzeit$9(OLS)http://pul/title/52606 996 $6260$aBerlin :$bWeidmannsche Buchhandlung$9(OLS)http://pul/publisher/51602